The Astral Library / Kate Quinn.
Available copies
- 2 of 2 copies available at LARL/NWRL Consortium.
- 2 of 2 copies available at Lake Agassiz Regional Library. (Show preferred library)
Current holds
0 current holds with 2 total copies.
View other formats and editions
Show Only Available Copies
| Location | Call Number / Copy Notes | Barcode | Shelving Location | Status | Due Date |
|---|---|---|---|---|---|
| Breckenridge Public Library | CD TALKING BOOK QUI (Text) | 33500014342141 | Main | Available | - |
| Climax Public Library | CD TALKING BOOK QUI (Text) | 33500014342158 | Main | Available | - |
Record details
- ISBN: 9798228687653
- ISBN: 9798228687660
- Physical Description: 8 audio discs (9 hr., 15 min.) : CD audio, digital ... Read More
- Edition: Unabridged.
- Publisher: [New York] : HarperCollins, [2026]
Content descriptions
| General Note: | Compact discs. |
| Participant or Performer Note: | Performed by Saskia Maarleveld and Kate Quinn. |
| Summary, etc.: | Working three dead-end jobs to make ends meet, ... Read More |
Search for related items by subject
| Genre: | Audiobooks. Magic realist fiction. Portal fantasy fiction. Fantasy fiction. Action and adventure fiction. Adventure fiction. |
| LDR | 02753nim a22005897i 4500 | ||
|---|---|---|---|
| 001 | 481982 | ||
| 003 | LARL_NWRL_CONSORTIUM | ||
| 005 | 20260305213337.0 | ||
| 008 | 260217s2026 nyunnnne f n eng d | ||
| 007 | sd fsngnnmmned | ||
| 040 | . | ‡aBLACP ‡beng ‡erda ‡cBLACP | |
| 020 | . | ‡a9798228687653 ‡q(sound recording ; ‡qBlackstone Library CD) | |
| 020 | . | ‡a9798228687660 ‡q(sound recording ; ‡qBlackstone Retail CD) | |
| 035 | . | ‡a(OCoLC)1573631613 | |
| 037 | . | ‡aZPqhgb ‡bBlackstone Publishing | |
| 037 | . | ‡aZEqhgb ‡bBlackstone Publishing | |
| 082 | 0 | 4. | ‡a813/.6 ‡223 |
| 100 | 1 | . | ‡aQuinn, Kate, ‡eauthor, ‡enarrator. ‡1https://id.oclc.org/worldcat/entity/E39PBJjCQpjFh96HpGMmcfFh73 ‡0(LARL_NWRL_CONSORTIUM)200599 |
| 245 | 1 | 4. | ‡aThe Astral Library / ‡cKate Quinn. |
| 250 | . | ‡aUnabridged. | |
| 264 | 1. | ‡a[New York] : ‡bHarperCollins, ‡c[2026] | |
| 300 | . | ‡a8 audio discs (9 hr., 15 min.) : ‡bCD audio, digital ; ‡c4 3/4 in. | |
| 336 | . | ‡aspoken word ‡bspw ‡2rdacontent | |
| 337 | . | ‡aaudio ‡bs ‡2rdamedia | |
| 338 | . | ‡aaudio disc ‡bsd ‡2rdacarrier | |
| 344 | . | ‡adigital ‡2rdatr | |
| 344 | . | ‡boptical ‡2rdarm | |
| 347 | . | ‡aaudio file ‡2rdaft | |
| 347 | . | ‡bCD audio | |
| 500 | . | ‡aCompact discs. | |
| 511 | 0 | . | ‡aPerformed by Saskia Maarleveld and Kate Quinn. |
| 520 | . | ‡aWorking three dead-end jobs to make ends meet, Alexandria "Alix" Watson takes nightly refuge in the high-vaulted reading room at the Boston Public Library, escaping into her favorite fantasy novels and dreaming of far-off lands. One day she stumbles through a hidden door and meets the Librarian: the ageless, acerbic guardian of a hidden library where the desperate and the lost escape to new lives inside their favorite books. The Librarian takes a dazzled Alix under her wing, but before she can escape into the pages of her new life, a shadowy enemy emerges to threaten everyone the Astral Library has ever helped protect. | |
| 610 | 2 | 0. | ‡aBoston Public Library ‡vFiction. |
| 650 | 0. | ‡aPoor women ‡vFiction. ‡0(LARL_NWRL_CONSORTIUM)166586 | |
| 650 | 0. | ‡aBooks and reading ‡vFiction. ‡0(LARL_NWRL_CONSORTIUM)163741 | |
| 650 | 0. | ‡aLibraries ‡vFiction. ‡0(LARL_NWRL_CONSORTIUM)172744 | |
| 650 | 0. | ‡aLibrarians ‡vFiction. ‡0(LARL_NWRL_CONSORTIUM)172743 | |
| 650 | 0. | ‡aEnemies ‡vFiction. | |
| 651 | 0. | ‡aBoston (Mass.) ‡vFiction. ‡0(LARL_NWRL_CONSORTIUM)163633 | |
| 650 | 7. | ‡aFICTION / Magical Realism. ‡2bisacsh | |
| 650 | 7. | ‡aFICTION / Action & Adventure. ‡2bisacsh | |
| 650 | 7. | ‡aFICTION / Women. ‡2bisacsh | |
| 655 | 7. | ‡aAudiobooks. ‡2lcgft ‡0(LARL_NWRL_CONSORTIUM)175801 | |
| 655 | 7. | ‡aMagic realist fiction. ‡2lcgft | |
| 655 | 7. | ‡aPortal fantasy fiction. ‡2lcgft | |
| 655 | 7. | ‡aFantasy fiction. ‡2gsafd | |
| 655 | 7. | ‡aAction and adventure fiction. ‡2lcgft | |
| 655 | 7. | ‡aAdventure fiction. ‡2gsafd | |
| 700 | 1 | . | ‡aMaarleveld, Saskia, ‡enarrator. ‡1https://id.oclc.org/worldcat/entity/E39PCjGRKmMYMRHytFXKdQbYWC |
| 901 | . | ‡a481982 ‡bAUTOGEN ‡c481982 ‡tbiblio | |

Add to basket
Permalink
Disable Highlighting